How well do you know Kiyotaka Ishimaru? (Danganronpa) - Statistics

General Stats
  • This quiz has been taken 871 times
  • The average score is 10 of 15
Answer Stats
Hint Answer % Correct
Who was his 'bro'? Mondo Oowada
95%
What colour are his eyes? Red
94%
What is his Ultimate talent? Moral Compass
92%
What nickname does he ask for others to call him? Taka
91%
In which chapter does he die? Three
87%
Who killed him? Hifumi Yamada
86%
Who was the blackened for his case? Celestia Ludenberg
85%
What colour is his underwear? White
75%
What month was he born? August
72%
What was the name of his and the previous' fused spirit? Kiyondo Ishida
57%
In both the anime and game openings, who is he on screen with? Chihiro Fujisaki
54%
What is his captives relation to him? Father
42%
What 'compliment' does he hate to be called? Genius
29%
Complete the quote. "When the body is ____, so is the soul" Naked
21%
What is his captives name? Takaaki Ishimaru
15%
No matching quizzes found
Score Distribution
Percent of People with Each Score
Percentile by Number Answered
Your Score History
You have not taken this quiz